[Event "GER-chW Blitz 2019"]
[Site "Magdeburg"]
[Date "2019.05.25"]
[Round "4.4"]
[White "Kopylov, Luba"]
[Black "Ries, Jutta"]
[Result "0-1"]
[WhiteElo "2078"]
[BlackElo "2017"]
[Annotator "NA"]
[PlyCount "40"]
[EventDate "2019.05.25"]
[EventType "tourn"]
[EventCountry "GER"]
[SourceTitle "playchess.com"]
[Source "ChessBase"]
[SourceQuality "1"]
[TimeControl "180+2"]

1. d4 {[%emt 0:00:01]} Nf6 {[%emt 0:00:00]} 2. c4 {[%emt 0:00:01]} c5 {[%emt 0:00:00]} 3. d5 {[%emt 0:00:01]} b5 {[%emt 0:00:01]} 4. cxb5 {[%emt 0:00:02]} a6 {[%emt 0:00:01]} 5. b6 {[%emt 0:00:01]} Bb7 {[%emt 0:00:12]} 6. Nc3 {[%emt 0:00:02]} e6 {[%emt 0:00:07]} 7. e4 {[%emt 0:00:02]} Qxb6 {[%emt 0:00:14]} 8. Nf3 {[%emt 0:00:20]} exd5 {[%emt 0:00:09]} 9. e5 {[%emt 0:00:13]} Ne4 {[%emt 0:00:21]} 10. Nxd5 {[%emt 0:00:10]} Qa5+ {[%emt 0:00:05]} 11. Nc3 {[%emt 0:00:31]} Nxc3 {[%emt 0:00:07]} 12. Qd2 {[%emt 0:00:03]} Bxf3 {[%emt 0:00:33]} 13. gxf3 {[%emt 0:00:05]} Nc6 {[%emt 0:00:01]} 14. bxc3 {[%emt 0:00:38]} Nxe5 {[%emt 0:00:04]} 15. Qe3 {[%emt 0:00:04]} Bd6 {[%emt 0:00:42]} 16. f4 {[%emt 0:00:05]} O-O {[%emt 0:00:02]} 17. fxe5 {[%emt 0:00:02]} Bxe5 {[%emt 0:00:15]} 18. Bd2 {[%emt 0:00:26]} Rfe8 {[%emt 0:00:06]} 19. Be2 {[%emt 0:00:18]} d5 {[%emt 0:00:10]} 20. Rg1 {[%emt 0:00:18]} Qc7 {[%emt 0:00:01]} 0-1

[Event "GER-chW Blitz 2019"]
[Site "Magdeburg"]
[Date "2019.05.25"]
[Round "4.5"]
[White "Gheng, Simona"]
[Black "Lubbe, Melanie"]
[Result "0-1"]
[WhiteElo "1991"]
[BlackElo "2278"]
[Annotator "NA"]
[PlyCount "114"]
[EventDate "2019.05.25"]
[EventType "tourn"]
[EventCountry "GER"]
[SourceTitle "playchess.com"]
[Source "ChessBase"]
[SourceQuality "1"]
[TimeControl "180+2"]

1. e4 {[%emt 0:00:00]} c5 {[%emt 0:00:00]} 2. c4 {[%emt 0:00:01]} Nc6 {[%emt 0:00:00]} 3. Nc3 {[%emt 0:00:01]} g6 {[%emt 0:00:02]} 4. g3 {[%emt 0:00:02]} Bg7 {[%emt 0:00:01]} 5. Bg2 {[%emt 0:00:02]} d6 {[%emt 0:00:01]} 6. Nge2 {[%emt 0:00:02]} e6 {[%emt 0:00:02]} 7. O-O {[%emt 0:00:03]} Nge7 {[%emt 0:00:01]} 8. d3 {[%emt 0:00:00]} Nd4 {[%emt 0:00:01]} 9. Nxd4 {[%emt 0:00:06]} cxd4 {[%emt 0:00:02]} 10. Ne2 {[%emt 0:00:07]} O-O {[%emt 0:00:03]} 11. a3 {[%emt 0:00:01]} a5 {[%emt 0:00:03]} 12. f4 {[%emt 0:00:03]} a4 {[%emt 0:00:09]} 13. b4 {[%emt 0:00:15]} axb3 {[%emt 0:00:02]} 14. Qxb3 {[%emt 0:00:01]} Nc6 {[%emt 0:00:05]} 15. Bd2 {[%emt 0:00:04]} Na5 {[%emt 0:00:17]} 16. Bxa5 {[%emt 0:00:02]} Rxa5 {[%emt 0:00:02]} 17. Rfb1 {[%emt 0:00:11]} Qc7 {[%emt 0:00:03]} 18. Qb6 {[%emt 0:00:07]} Qc5 {[%emt 0:00:23]} 19. Rb5 {[%emt 0:00:23]} Rxb5 {[%emt 0:00:17]} 20. Qxb5 {[%emt 0:00:02]} e5 {[%emt 0:00:08]} 21. fxe5 {[%emt 0:00:06]} Bxe5 {[%emt 0:00:08]} 22. Nf4 {[%emt 0:00:06]} Qxb5 {[%emt 0:00:51]} 23. cxb5 {[%emt 0:00:01]} Bd7 {[%emt 0:00:02]} 24. Rb1 {[%emt 0:00:18]} Ra8 {[%emt 0:00:02]} 25. Rb3 {[%emt 0:00:01]} Ra5 {[%emt 0:00:05]} 26. b6 {[%emt 0:00:02]} Ba4 {[%emt 0:00:10]} 27. Rb4 {[%emt 0:00:11]} Bc6 {[%emt 0:00:02]} 28. Rb3 {[%emt 0:00:02]} Kf8 {[%emt 0:00:12]} 29. Ne2 {[%emt 0:00:16]} Ke7 {[%emt 0:00:05]} 30. Bh3 {[%emt 0:00:08]} Ra4 {[%emt 0:00:03]} 31. Kf2 {[%emt 0:00:10]} Bg7 {[%emt 0:00:01]} 32. Nc1 {[%emt 0:00:01]} Bh6 {[%emt 0:00:02]} 33. Na2 {[%emt 0:00:02]} Be3+ {[%emt 0:00:03]} 34. Ke2 {[%emt 0:00:02]} Bd7 {[%emt 0:00:13]} 35. Bxd7 {[%emt 0:00:04]} Kxd7 {[%emt 0:00:01]} 36. Nb4 {[%emt 0:00:00]} Ra5 {[%emt 0:00:11]} 37. Nc2 {[%emt 0:00:03]} Rh5 {[%emt 0:00:05]} 38. h4 {[%emt 0:00:02]} Rc5 {[%emt 0:00:05]} 39. Nxe3 {[%emt 0:00:02]} dxe3 {[%emt 0:00:01]} 40. Kxe3 {[%emt 0:00:00]} Rc1 {[%emt 0:00:01]} 41. Kd4 {[%emt 0:00:05]} Kc6 {[%emt 0:00:01]} 42. Rc3+ {[%emt 0:00:01]} Rxc3 {[%emt 0:00:01]} 43. Kxc3 {[%emt 0:00:01]} Kxb6 {[%emt 0:00:01]} 44. Kb4 {[%emt 0:00:00]} Kc6 {[%emt 0:00:01]} 45. d4 {[%emt 0:00:01]} f6 {[%emt 0:00:02]} 46. d5+ {[%emt 0:00:02]} Kb6 {[%emt 0:00:01]} 47. a4 {[%emt 0:00:01]} Ka6 {[%emt 0:00:03]} 48. g4 {[%emt 0:00:02]} h6 {[%emt 0:00:03]} 49. a5 {[%emt 0:00:17]} b6 {[%emt 0:00:01]} 50. axb6 {[%emt 0:00:02]} Kxb6 {[%emt 0:00:00]} 51. h5 {[%emt 0:00:02]} g5 {[%emt 0:00:05]} 52. Kc4 {[%emt 0:00:01]} Ka5 {[%emt 0:00:01]} 53. Kd4 {[%emt 0:00:02]} Kb4 54. e5 {[%emt 0:00:04]} fxe5+ {[%emt 0:00:03]} 55. Ke4 {[%emt 0:00:01]} Kc4 {[%emt 0:00:00]} 56. Kf5 {[%emt 0:00:01]} Kxd5 57. Kg6 {[%emt 0:00:00]} e4 {[%emt 0:00:03] Kxg5 [%clk 0:01:03]} 0-1

[Event "GER-chW Blitz 2019"]
[Site "Magdeburg"]
[Date "2019.05.25"]
[Round "4.6"]
[White "Kunze, Kerstin"]
[Black "Fuchs, Judith"]
[Result "1-0"]
[WhiteElo "2066"]
[BlackElo "2218"]
[Annotator "NA"]
[PlyCount "103"]
[EventDate "2019.05.25"]
[EventType "tourn"]
[EventCountry "GER"]
[SourceTitle "playchess.com"]
[Source "ChessBase"]
[SourceQuality "1"]
[TimeControl "180+2"]

1. e4 {[%emt 0:00:00]} c6 {[%emt 0:00:00]} 2. d4 {[%emt 0:00:00]} d5 {[%emt 0:00:00]} 3. Nc3 {[%emt 0:00:01]} dxe4 {[%emt 0:00:01]} 4. Nxe4 {[%emt 0:00:02]} Nf6 {[%emt 0:00:01]} 5. Nxf6+ exf6 {[%emt 0:00:01]} 6. Nf3 {[%emt 0:00:07]} Bd6 {[%emt 0:00:01]} 7. Bd3 {[%emt 0:00:02]} O-O {[%emt 0:00:02]} 8. O-O {[%emt 0:00:01]} Na6 {[%emt 0:00:01]} 9. h3 {[%emt 0:00:06]} Nc7 {[%emt 0:00:02]} 10. Nd2 {[%emt 0:00:07]} Nd5 {[%emt 0:00:11]} 11. Nc4 {[%emt 0:00:07]} Bc7 {[%emt 0:00:03]} 12. Qf3 {[%emt 0:00:13]} b5 {[%emt 0:00:28]} 13. Ne3 {[%emt 0:00:28]} Qd6 {[%emt 0:00:03]} 14. g3 {[%emt 0:00:14]} Bxh3 {[%emt 0:00:08]} 15. Qh5 {[%emt 0:00:07]} g6 {[%emt 0:00:24]} 16. Qxh3 {[%emt 0:00:01]} Nb4 {[%emt 0:00:06]} 17. Be2 {[%emt 0:00:38]} a5 {[%emt 0:00:23]} 18. c3 {[%emt 0:00:02]} Na6 {[%emt 0:00:00]} 19. Ng4 {[%emt 0:00:08]} h5 {[%emt 0:00:29]} 20. Nh2 {[%emt 0:00:14]} Kg7 {[%emt 0:00:06]} 21. Bf4 {[%emt 0:00:02]} Qe7 {[%emt 0:00:07]} 22. Bxc7 {[%emt 0:00:05]} Qxe2 {[%emt 0:00:07]} 23. Bxa5 {[%emt 0:00:09]} Qxb2 {[%emt 0:00:04]} 24. Qh4 {[%emt 0:00:05]} Qa3 {[%emt 0:00:11]} 25. Bb4 {[%emt 0:00:08]} Nxb4 {[%emt 0:00:01]} 26. cxb4 {[%emt 0:00:01]} Qxb4 {[%emt 0:00:01]} 27. Nf3 {[%emt 0:00:03]} Ra3 {[%emt 0:00:03]} 28. Qe4 {[%emt 0:00:04]} Qc3 {[%emt 0:00:16]} 29. Kg2 {[%emt 0:00:11]} Rd8 {[%emt 0:00:02]} 30. Rac1 {[%emt 0:00:04]} Qb2 {[%emt 0:00:08]} 31. Rxc6 {[%emt 0:00:02]} Rxa2 {[%emt 0:00:19]} 32. Qe7 {[%emt 0:00:03]} Rf8 {[%emt 0:00:04]} 33. Qxf6+ {[%emt 0:00:03]} Kg8 {[%emt 0:00:00]} 34. Qg5 {[%emt 0:00:17]} Qb3 {[%emt 0:00:05]} 35. Ne5 {[%emt 0:00:04]} Qd5+ {[%emt 0:00:01]} 36. Kh2 {[%emt 0:00:09]} Kh7 {[%emt 0:00:10]} 37. Rxg6 {[%emt 0:00:01]} fxg6 38. Qxg6+ Kh8 39. Qg5 Kh7 40. Qxh5+ Kg7 41. Qg5+ Kh7 42. Qh5+ Kg7 43. Qg5+ Kh7 44. Qh5+ Kg7 45. Qg5+ Kh7 46. Kg1 Rh8 47. Qh5+ Kg7 48. Qg5+ Kf8 49. Qf6+ Kg8 50. Qg6+ Kf8 51. Qf5+ Ke7 52. Ng6+ 1-0

[Event "GER-chW Blitz 2019"]
[Site "Magdeburg"]
[Date "2019.05.25"]
[Round "4.7"]
[White "Kreismann, Franziska"]
[Black "Kotyk, Valeriya"]
[Result "0-1"]
[WhiteElo "1589"]
[BlackElo "1739"]
[Annotator "NA"]
[PlyCount "70"]
[EventDate "2019.05.25"]
[EventType "tourn"]
[EventCountry "GER"]
[SourceTitle "playchess.com"]
[Source "ChessBase"]
[SourceQuality "1"]
[TimeControl "180+2"]

1. d4 {[%emt 0:00:00]} Nf6 {[%emt 0:00:00]} 2. c4 {[%emt 0:00:02]} c5 {[%emt 0:00:02]} 3. d5 {[%emt 0:00:02]} b5 {[%emt 0:00:02]} 4. cxb5 {[%emt 0:00:02]} a6 {[%emt 0:00:02]} 5. Nc3 {[%emt 0:00:02]} axb5 {[%emt 0:00:02]} 6. a3 {[%emt 0:00:02]} b4 {[%emt 0:00:02]} 7. Nb1 {[%emt 0:00:02]} g6 {[%emt 0:00:02]} 8. Bg5 {[%emt 0:00:02]} Bg7 {[%emt 0:00:02]} 9. Nf3 {[%emt 0:00:02]} O-O {[%emt 0:00:02]} 10. Bxf6 {[%emt 0:00:15]} Bxf6 {[%emt 0:00:01]} 11. Qc2 {[%emt 0:00:03]} d6 {[%emt 0:00:10]} 12. e4 {[%emt 0:00:01]} Qb6 {[%emt 0:00:13]} 13. Bc4 {[%emt 0:00:12]} bxa3 {[%emt 0:00:03]} 14. Rxa3 {[%emt 0:00:08]} Rxa3 {[%emt 0:00:02]} 15. bxa3 {[%emt 0:00:01]} Ba6 {[%emt 0:00:09]} 16. O-O {[%emt 0:00:11]} Nd7 {[%emt 0:00:04]} 17. Bxa6 {[%emt 0:00:08]} Qxa6 {[%emt 0:00:01]} 18. a4 {[%emt 0:00:00]} Ra8 {[%emt 0:00:02]} 19. Nc3 {[%emt 0:00:12]} Qc4 {[%emt 0:00:05]} 20. Nd2 {[%emt 0:00:08]} Qxc3 {[%emt 0:00:02]} 21. Qxc3 {[%emt 0:00:03]} Bxc3 {[%emt 0:00:02]} 22. Nf3 {[%emt 0:00:03]} Rxa4 {[%emt 0:00:02]} 23. Rc1 {[%emt 0:00:05]} Bb4 {[%emt 0:00:02]} 24. h4 {[%emt 0:00:05]} Kg7 {[%emt 0:00:03]} 25. g4 {[%emt 0:00:01]} Nf6 {[%emt 0:00:03]} 26. e5 {[%emt 0:00:13]} Nxg4 {[%emt 0:00:05]} 27. exd6 {[%emt 0:00:01]} exd6 {[%emt 0:00:02]} 28. Rc2 {[%emt 0:00:09]} Ne5 {[%emt 0:00:18]} 29. Ng5 {[%emt 0:00:11]} Ba5 {[%emt 0:00:12]} 30. Rb2 {[%emt 0:00:04]} h6 {[%emt 0:00:04]} 31. Nh3 {[%emt 0:00:05]} Rxh4 {[%emt 0:00:03]} 32. Kg2 {[%emt 0:00:02]} Bb4 {[%emt 0:00:02]} 33. Kg3 {[%emt 0:00:05]} Rd4 {[%emt 0:00:01]} 34. Nf4 {[%emt 0:00:05]} g5 {[%emt 0:00:03]} 35. Nh5+ {[%emt 0:00:06]} Kg6 {[%emt 0:00:00]} 0-1

[Event "GER-chW Blitz 2019"]
[Site "Magdeburg"]
[Date "2019.05.25"]
[Round "4.8"]
[White "Daemering, Katrin"]
[Black "Silz, Elisa"]
[Result "0-1"]
[WhiteElo "2003"]
[BlackElo "1977"]
[Annotator "NA"]
[PlyCount "80"]
[EventDate "2019.05.25"]
[EventType "tourn"]
[EventCountry "GER"]
[SourceTitle "playchess.com"]
[Source "ChessBase"]
[SourceQuality "1"]
[TimeControl "180+2"]

1. Nf3 {[%emt 0:00:00]} Nf6 {[%emt 0:00:00]} 2. g3 {[%emt 0:00:00]} g6 {[%emt 0:00:00]} 3. Bg2 Bg7 4. d3 {[%emt 0:00:02]} d6 {[%emt 0:00:00]} 5. e4 {[%emt 0:00:01]} O-O {[%emt 0:00:01]} 6. O-O {[%emt 0:00:02]} Nbd7 {[%emt 0:00:01]} 7. h3 {[%emt 0:00:01]} c5 {[%emt 0:00:01]} 8. Be3 {[%emt 0:00:05]} Rb8 {[%emt 0:00:02]} 9. Nc3 {[%emt 0:00:01]} b5 {[%emt 0:00:01]} 10. a3 {[%emt 0:00:01]} a6 {[%emt 0:00:03]} 11. Qd2 {[%emt 0:00:03]} Bb7 {[%emt 0:00:07]} 12. Rad1 {[%emt 0:00:05]} Qc7 {[%emt 0:00:02]} 13. Ne1 {[%emt 0:00:08]} e6 {[%emt 0:00:02]} 14. f4 {[%emt 0:00:01]} Nh5 {[%emt 0:00:12]} 15. Kh2 {[%emt 0:00:06]} f5 {[%emt 0:00:02]} 16. Nf3 {[%emt 0:00:11]} d5 {[%emt 0:00:18]} 17. exd5 {[%emt 0:00:11]} exd5 {[%emt 0:00:02]} 18. d4 {[%emt 0:00:05]} c4 {[%emt 0:00:11]} 19. Ng5 {[%emt 0:00:01]} Qd6 {[%emt 0:00:10]} 20. Rde1 {[%emt 0:00:12]} Nhf6 {[%emt 0:00:03]} 21. Bg1 {[%emt 0:00:08]} Ne4 {[%emt 0:00:07]} 22. Qd1 {[%emt 0:00:17]} Ndf6 {[%emt 0:00:09]} 23. Nf3 {[%emt 0:00:03]} Nxc3 {[%emt 0:00:08]} 24. bxc3 {[%emt 0:00:01]} Ne4 {[%emt 0:00:01]} 25. Re3 {[%emt 0:00:11]} Rbe8 {[%emt 0:00:10]} 26. Ne5 {[%emt 0:00:02]} Qxa3 {[%emt 0:00:13]} 27. Qe1 {[%emt 0:00:14]} Qd6 {[%emt 0:00:06]} 28. Bf3 {[%emt 0:00:12]} h6 {[%emt 0:00:11]} 29. Kh1 {[%emt 0:00:02]} Re7 {[%emt 0:00:10]} 30. Bh2 {[%emt 0:00:01]} g5 {[%emt 0:00:09]} 31. Bg2 {[%emt 0:00:27]} a5 {[%emt 0:00:25]} 32. Qe2 {[%emt 0:00:06]} b4 {[%emt 0:00:06]} 33. cxb4 {[%emt 0:00:02]} axb4 {[%emt 0:00:00]} 34. Bxe4 {[%emt 0:00:10]} fxe4 {[%emt 0:00:07]} 35. fxg5 {[%emt 0:00:10]} Rxf1+ {[%emt 0:00:14]} 36. Qxf1 {[%emt 0:00:01]} Bxe5 {[%emt 0:00:02]} 37. dxe5 {[%emt 0:00:05]} Qxe5 {[%emt 0:00:04]} 38. gxh6 {[%emt 0:00:06]} d4 {[%emt 0:00:02]} 39. Re1 {[%emt 0:00:08]} e3+ {[%emt 0:00:02]} 40. Kg1 {[%emt 0:00:02]} Qd5 {[%emt 0:00:03]} 0-1

[Event "GER-chW Blitz 2019"]
[Site "Magdeburg"]
[Date "2019.05.25"]
[Round "4.9"]
[White "Sieber, Fiona"]
[Black "Rath, Alina"]
[Result "1-0"]
[WhiteElo "2250"]
[BlackElo "2042"]
[Annotator "NA"]
[PlyCount "107"]
[EventDate "2019.05.25"]
[EventType "tourn"]
[EventCountry "GER"]
[SourceTitle "playchess.com"]
[Source "ChessBase"]
[SourceQuality "1"]
[TimeControl "180+2"]

1. e4 {[%emt 0:00:00]} c5 {[%emt 0:00:00]} 2. Nf3 {[%emt 0:00:02]} Nc6 {[%emt 0:00:00]} 3. d4 {[%emt 0:00:00]} cxd4 {[%emt 0:00:01]} 4. Nxd4 {[%emt 0:00:02]} Nf6 {[%emt 0:00:01]} 5. Nc3 {[%emt 0:00:02]} d6 {[%emt 0:00:00]} 6. Bg5 {[%emt 0:00:02]} e6 {[%emt 0:00:01]} 7. Qd2 {[%emt 0:00:01]} Be7 {[%emt 0:00:01]} 8. f4 {[%emt 0:00:15]} O-O {[%emt 0:00:12]} 9. O-O-O {[%emt 0:00:02]} Nxd4 {[%emt 0:00:03]} 10. Qxd4 {[%emt 0:00:03]} Qa5 {[%emt 0:00:02]} 11. e5 {[%emt 0:00:10]} dxe5 {[%emt 0:00:25]} 12. Qxe5 {[%emt 0:00:02]} Qxe5 {[%emt 0:00:14]} 13. fxe5 {[%emt 0:00:01]} Nd5 {[%emt 0:00:02]} 14. Bxe7 {[%emt 0:00:03]} Nxe7 {[%emt 0:00:01]} 15. Be2 {[%emt 0:00:23]} Nc6 {[%emt 0:00:28]} 16. Rhe1 {[%emt 0:00:50]} Nxe5 {[%emt 0:00:13]} 17. Bf1 {[%emt 0:00:21]} Ng6 {[%emt 0:00:15]} 18. g3 {[%emt 0:00:06]} a6 {[%emt 0:00:02]} 19. Bg2 {[%emt 0:00:14]} Rb8 {[%emt 0:00:03]} 20. Ne4 {[%emt 0:00:04]} b5 {[%emt 0:00:13]} 21. Nc5 {[%emt 0:00:01]} a5 {[%emt 0:00:19]} 22. Rd6 {[%emt 0:00:08]} a4 {[%emt 0:00:04]} 23. a3 {[%emt 0:00:05]} Ne7 {[%emt 0:00:05]} 24. c3 {[%emt 0:00:07]} Nf5 {[%emt 0:00:09]} 25. Rd3 {[%emt 0:00:06]} g6 {[%emt 0:00:03]} 26. Bc6 {[%emt 0:00:09]} Ne7 {[%emt 0:00:07]} 27. Bg2 {[%emt 0:00:03]} Nf5 {[%emt 0:00:01]} 28. Kc2 {[%emt 0:00:11]} Kg7 {[%emt 0:00:01]} 29. b4 {[%emt 0:00:02]} h5 {[%emt 0:00:15]} 30. Re5 {[%emt 0:00:06]} Re8 {[%emt 0:00:11]} 31. Bc6 {[%emt 0:00:03]} Rf8 {[%emt 0:00:03]} 32. Ne4 {[%emt 0:00:04]} Ne7 {[%emt 0:00:08]} 33. Bxb5 {[%emt 0:00:02]} f6 {[%emt 0:00:01]} 34. Rc5 {[%emt 0:00:01]} f5 {[%emt 0:00:05]} 35. Nd6 {[%emt 0:00:01]} Kf6 {[%emt 0:00:03]} 36. Bxa4 {[%emt 0:00:01]} Nd5 {[%emt 0:00:04]} 37. Bb3 {[%emt 0:00:02]} Nb6 {[%emt 0:00:01]} 38. Rc6 {[%emt 0:00:02]} Kg7 {[%emt 0:00:02]} 39. Nxc8 {[%emt 0:00:02]} Rfxc8 {[%emt 0:00:04]} 40. Rxc8 {[%emt 0:00:01]} Rxc8 {[%emt 0:00:01]} 41. Bxe6 {[%emt 0:00:01]} Rc6 {[%emt 0:00:01]} 42. Bb3 {[%emt 0:00:01]} Kf6 {[%emt 0:00:01]} 43. a4 {[%emt 0:00:01]} Nc8 {[%emt 0:00:02]} 44. a5 {[%emt 0:00:00]} Nd6 {[%emt 0:00:01]} 45. c4 {[%emt 0:00:02]} Ne4 {[%emt 0:00:06]} 46. c5 {[%emt 0:00:02]} Nf2 {[%emt 0:00:01]} 47. Rd2 {[%emt 0:00:02]} Ne4 {[%emt 0:00:01]} 48. Re2 {[%emt 0:00:02]} Ke5 {[%emt 0:00:03]} 49. Kd3 {[%emt 0:00:01]} Rc7 {[%emt 0:00:02]} 50. a6 {[%emt 0:00:01]} Rd7+ {[%emt 0:00:00]} 51. Kc4 {[%emt 0:00:03]} Kf6 {[%emt 0:00:03]} 52. Bc2 {[%emt 0:00:02]} Nd2+ {[%emt 0:00:02]} 53. Kb5 {[%emt 0:00:01]} g5 {[%emt 0:00:04]} 54. c6 {[%emt 0:00:01]} 1-0

[Event "GER-chW Blitz 2019"]
[Site "Magdeburg"]
[Date "2019.05.25"]
[Round "4.10"]
[White "Osmanodja, Filiz"]
[Black "Birkholz, Olga"]
[Result "1-0"]
[WhiteElo "2260"]
[BlackElo "2031"]
[Annotator "NA"]
[PlyCount "79"]
[EventDate "2019.05.25"]
[EventType "tourn"]
[EventCountry "GER"]
[SourceTitle "playchess.com"]
[Source "ChessBase"]
[SourceQuality "1"]
[TimeControl "180+2"]

1. e4 {[%emt 0:00:00]} c5 {[%emt 0:00:00]} 2. Nc3 {[%emt 0:00:00]} g6 {[%emt 0:00:02]} 3. Nf3 {[%emt 0:00:02]} Bg7 {[%emt 0:00:01]} 4. d4 {[%emt 0:00:00]} cxd4 {[%emt 0:00:03]} 5. Nxd4 {[%emt 0:00:01]} a6 {[%emt 0:00:01]} 6. Be2 {[%emt 0:00:05]} d6 {[%emt 0:00:01]} 7. O-O {[%emt 0:00:11]} Bd7 {[%emt 0:00:04]} 8. Bg5 {[%emt 0:00:06]} Nc6 {[%emt 0:00:02]} 9. Nb3 {[%emt 0:00:01]} Nf6 {[%emt 0:00:06]} 10. Re1 {[%emt 0:00:03]} O-O {[%emt 0:00:03]} 11. Bf1 {[%emt 0:00:00]} b5 {[%emt 0:00:10]} 12. Nd5 {[%emt 0:00:07]} Nxd5 {[%emt 0:01:01]} 13. exd5 {[%emt 0:00:01]} Ne5 {[%emt 0:00:01]} 14. h3 {[%emt 0:00:54]} Re8 {[%emt 0:00:05]} 15. Nd4 {[%emt 0:00:12]} Qb6 {[%emt 0:00:21]} 16. c3 {[%emt 0:00:06]} Qc5 {[%emt 0:00:10]} 17. Nb3 {[%emt 0:00:39]} Qc7 {[%emt 0:00:05]} 18. f4 {[%emt 0:00:28]} Nc4 {[%emt 0:00:01]} 19. Bxc4 {[%emt 0:00:00]} Qxc4 {[%emt 0:00:06]} 20. Bxe7 {[%emt 0:00:22]} Qxf4 {[%emt 0:00:03]} 21. Qd2 {[%emt 0:00:06]} Qg3 {[%emt 0:00:05]} 22. Re3 {[%emt 0:00:09]} Bh6 {[%emt 0:00:32]} 23. Rxg3 {[%emt 0:00:01]} Bxd2 {[%emt 0:00:01]} 24. Bxd6 {[%emt 0:00:05]} Re2 {[%emt 0:00:04]} 25. Nxd2 {[%emt 0:00:01]} Rxd2 {[%emt 0:00:02]} 26. Bc5 {[%emt 0:00:05]} Rxd5 {[%emt 0:00:03]} 27. Bd4 {[%emt 0:00:01]} Re8 {[%emt 0:00:03]} 28. Re3 {[%emt 0:00:02]} Rxe3 {[%emt 0:00:03]} 29. Bxe3 {[%emt 0:00:01]} Re5 {[%emt 0:00:02]} 30. Kf2 {[%emt 0:00:03]} Bc6 {[%emt 0:00:00]} 31. Rd1 {[%emt 0:00:04]} Bxg2 {[%emt 0:00:06]} 32. Rd8+ {[%emt 0:00:03]} Kg7 {[%emt 0:00:01]} 33. Bd4 {[%emt 0:00:00]} f6 {[%emt 0:00:06]} 34. Bxe5 {[%emt 0:00:01]} fxe5 {[%emt 0:00:01]} 35. Kxg2 {[%emt 0:00:01]} Kf6 {[%emt 0:00:01]} 36. Kf3 {[%emt 0:00:01]} Ke7 {[%emt 0:00:01]} 37. Ra8 {[%emt 0:00:01]} Kf6 {[%emt 0:00:01]} 38. Rxa6+ {[%emt 0:00:01]} Kf5 {[%emt 0:00:01]} 39. Ra7 {[%emt 0:00:02]} g5 {[%emt 0:00:02]} 40. Rxh7 {[%emt 0:00:02] Ke4+ Kxe4} 1-0

[Event "GER-chW Blitz 2019"]
[Site "Magdeburg"]
[Date "2019.05.25"]
[Round "4.11"]
[White "Michna, Marta"]
[Black "Hofmann, Karina"]
[Result "1-0"]
[WhiteElo "2355"]
[BlackElo "1700"]
[Annotator "NA"]
[PlyCount "89"]
[EventDate "2019.05.25"]
[EventType "tourn"]
[EventCountry "GER"]
[SourceTitle "playchess.com"]
[Source "ChessBase"]
[SourceQuality "1"]
[TimeControl "180+2"]

1. Nf3 {[%emt 0:00:01]} b6 {[%emt 0:00:00]} 2. g3 {[%emt 0:00:01]} Bb7 {[%emt 0:00:01]} 3. Bg2 {[%emt 0:00:00]} d5 {[%emt 0:00:05]} 4. O-O {[%emt 0:00:02]} e6 {[%emt 0:00:01]} 5. d3 {[%emt 0:00:00]} Bd6 {[%emt 0:00:01]} 6. Nbd2 {[%emt 0:00:02]} Ne7 {[%emt 0:00:01]} 7. e4 {[%emt 0:00:01]} Ng6 {[%emt 0:00:08]} 8. c3 {[%emt 0:00:07]} dxe4 9. dxe4 {[%emt 0:00:01]} O-O {[%emt 0:00:10]} 10. Re1 {[%emt 0:00:01]} c5 {[%emt 0:00:07]} 11. a4 {[%emt 0:00:08]} a6 {[%emt 0:00:02]} 12. Qc2 {[%emt 0:00:16]} Nd7 {[%emt 0:00:05]} 13. Nc4 {[%emt 0:00:13]} Qe7 {[%emt 0:00:08]} 14. Bg5 {[%emt 0:00:08]} f6 {[%emt 0:00:01]} 15. Nxd6 {[%emt 0:00:09]} Qxd6 {[%emt 0:00:02]} 16. Rad1 {[%emt 0:00:02]} Qe7 {[%emt 0:00:02]} 17. Bc1 {[%emt 0:00:08]} Rfd8 {[%emt 0:00:02]} 18. Qb3 {[%emt 0:00:08]} Kh8 {[%emt 0:00:07]} 19. h4 {[%emt 0:00:01]} Rac8 {[%emt 0:00:08]} 20. h5 {[%emt 0:00:04]} c4 {[%emt 0:00:09]} 21. Qc2 {[%emt 0:00:09]} Nge5 {[%emt 0:00:06]} 22. Nd4 {[%emt 0:00:07]} Qf7 {[%emt 0:00:10]} 23. Qe2 {[%emt 0:00:06]} Nc6 {[%emt 0:00:07]} 24. Qxc4 {[%emt 0:00:24]} Nxd4 {[%emt 0:00:15]} 25. Qxd4 {[%emt 0:00:02]} Qxh5 {[%emt 0:00:09]} 26. b4 {[%emt 0:00:08]} Qe5 {[%emt 0:00:05]} 27. Be3 {[%emt 0:00:10]} Qxd4 {[%emt 0:00:03]} 28. cxd4 {[%emt 0:00:01]} Rc4 {[%emt 0:00:02]} 29. b5 {[%emt 0:00:09]} Rxa4 {[%emt 0:00:02]} 30. bxa6 {[%emt 0:00:08]} Bxa6 {[%emt 0:00:03]} 31. d5 {[%emt 0:00:05]} Nf8 {[%emt 0:00:18]} 32. Bxb6 {[%emt 0:00:04]} Rb8 {[%emt 0:00:17]} 33. Bc5 {[%emt 0:00:05]} exd5 {[%emt 0:00:02]} 34. exd5 {[%emt 0:00:02]} Nd7 {[%emt 0:00:02]} 35. Bd6 {[%emt 0:00:03]} Rd8 {[%emt 0:00:07]} 36. Re7 {[%emt 0:00:06]} Rc4 {[%emt 0:00:16]} 37. Bf4 {[%emt 0:00:10]} Ne5 {[%emt 0:00:06]} 38. Bxe5 {[%emt 0:00:01]} fxe5 39. Rxe5 {[%emt 0:00:02]} Rcc8 {[%emt 0:00:06]} 40. d6 {[%emt 0:00:03]} h6 41. Re7 {[%emt 0:00:09]} Re8 {[%emt 0:00:12]} 42. Bh3 {[%emt 0:00:02]} Rxe7 {[%emt 0:00:08]} 43. dxe7 {[%emt 0:00:01]} Rb8 {[%emt 0:00:05]} 44. Rd8+ {[%emt 0:00:02]} Rxd8 {[%emt 0:00:02]} 45. exd8=Q+ {[%emt 0:00:04]} 1-0